00661nam a2200193Ia 4500001002100000003000900021008004100030040002300071041001300094100007100107245002200178250001500200260002800215300001900243490003000262501012400292520002900416700002200445232-IOA pa II (3486)IT-MiSPE171229s9999||||xx |||||||||||||| ||und|| aIT-MiSPEcIT-MiSPE aITALIANO aGiovanni Paolo II (Ioannes Paulus II (Karol Wojtyla))gpapa, santo 0aRedemptor hominis a1a ed. (v) aRomabEd. Paolinec1979 a137 p. c18 cm aDocumenti della Chiesav1 aEdizioni San Paolo srl - Piazza Soncino, 5 - 20092 CINISELLO BALSAMO (MI) (non commercial uses only) ® Copyright 2018 aBernhard Häring (com.) aBernhard Häring